| 000 | 01210nam a22003497a 4500 | ||
|---|---|---|---|
| 003 | CHAP | ||
| 005 | 20220329135238.0 | ||
| 008 | 971013s1960 r 00010 d | ||
| 010 | _a33219 | ||
| 011 | _a34191 | ||
| 035 | _a38307 | ||
| 040 | _cCHAP | ||
| 090 | _aFolleto 8698 | ||
| 100 | 0 | 0 |
_aNúñez Escobar, Roberto. _981932 |
| 245 | _aVariaciones en la humedad del suelo durante el ciclo del trigo en El Bajío y su influencia en varias características del cultivo | ||
| 260 |
_aMéxico, D. F. : _bOficina de Estudios Especiales, _c1960 |
||
| 300 | _a62 p. gráfs. | ||
| 490 |
_aFolleto técnico _v; 38 |
||
| 590 |
_aBATCH-UPD _b10 _c20130110 _lUCH01 _h0055 |
||
| 590 |
_aBATCH-UPD _b10 _c20130110 _lUCH01 _h1412 |
||
| 590 |
_aBATCH-UPD _b10 _c20130409 _lUCH01 _h2043 |
||
| 590 |
_aBATCH-UPD _b10 _c20130410 _lUCH01 _h0858 |
||
| 590 |
_aBATCH-UPD _b10 _c20130914 _lUCH01 _h1424 |
||
| 590 |
_aCONVERSION _b10 _c20130109 _lUCH01 _h1319 |
||
| 650 | 1 | 4 |
_aTrigo _xBajío. _9114983 |
| 650 | 1 | 4 |
_aTrigo _xEfecto de la humedad. _9115011 |
| 650 | 1 | 4 |
_aTrigo _xRendimiento. _9115092 |
| 830 | 0 |
_aFolleto técnico _v; 38 _942067 |
|
| 901 | _aBK | ||
| 942 | _cFOLL | ||
| 949 |
_aFolleto 8698 _bBC _cFOLL _d-87581 _eTS1 _i38307 _si |
||
| 999 |
_c33219 _d33219 |
||